Fr. Conceicao Rodrigues College of Engineering

Structured Programming approach- Sem II (Record no. 32139)

MARC details
000 -LEADER
fixed length control field 00265nam a2200121Ia 4500
100 ## - MAIN ENTRY--PERSONAL NAME
Personal name Dept of Computer engineering
245 ## - TITLE STATEMENT
Title Structured Programming approach- Sem II
260 ## - PUBLICATION, DISTRIBUTION, ETC.
Name of publisher, distributor, etc. #N/A
Date of publication, distribution, etc. 2013
300 ## - PHYSICAL DESCRIPTION
Extent 160
546 ## - LANGUAGE NOTE
Language note ENGLISH
942 ## - ADDED ENTRY ELEMENTS (KOHA)
Koha item type BOOK
Holdings
Withdrawn status Lost status Damaged status Not for loan Collection Home library Current library Date acquired Total Checkouts Full call number Barcode Date last seen Price effective from Koha item type Date due Date last checked out
        CRC Fr. Agnel's C.Rodrigues College of Engineering Fr. Agnel's C.Rodrigues College of Engineering 17/03/2023   22447 17/03/2023   BOOK    
        CRC Fr. Agnel's C.Rodrigues College of Engineering Fr. Agnel's C.Rodrigues College of Engineering 17/03/2023   22449 17/03/2023   BOOK    
        CRC Fr. Agnel's C.Rodrigues College of Engineering Fr. Agnel's C.Rodrigues College of Engineering 17/03/2023   22451 17/03/2023   BOOK    
        CRC Fr. Agnel's C.Rodrigues College of Engineering Fr. Agnel's C.Rodrigues- College of Engineering 17/03/2023 1 22448 12/06/2023   BOOK 04/02/2015 12/06/2023
        CRC Fr. Agnel's C.Rodrigues College of Engineering Fr. Agnel's C.Rodrigues- College of Engineering 17/03/2023 1 22450 12/06/2023   BOOK 30/07/2016 12/06/2023